Prénoms dans les titres de films - Statistiques

Statistiques générales
  • Ce quiz a été pris 553 fois
  • Le résultat moyen est 17 sur 50
Statistiques - réponses
Prénoms Films Années % Correct
Amélie Le fabuleux destin d'______ Poulain 2001
83%
Benjamin L'étrange histoire de ________ Button 2008
80%
Bianca Les aventures de Bernard et _______ 1977
78%
Edward _______ aux mains d'argent 1990
71%
Sally Quand Harry rencontre ______ 1989
65%
Bridget Le journal de _______ Jones 2001
63%
Nicolas Le petit ________ 2010
63%
Billy _______ Elliot 1999
61%
Adèle La vie d '_______ 2013
59%
Manon _______ des sources 1986 / 1952
56%
Hugo _______ Cabret 2011
50%
Chihiro Le voyage de _______ 2001
49%
Erin ______ Brokovich, seule contre tous 2000
49%
Jules ______ et Jim 1962
49%
Jean Le fils de _______ 2016
47%
Wanda Un poisson nommé _______ 1988
45%
Rosalie César et _______ 1972
40%
Rosemary ________'s baby 1968
39%
Thomas L'affaire _______ Crown 1968
37%
Sophie Le choix de _______ 1982
36%
Alexandre ________ le bienheureux 1968
31%
Annie _______ Hall 1977
30%
Daisy Miss ______ et son chauffeur 1989
30%
Camille _______ redouble 2011
29%
Carrie _______ au bal du diable 1976
29%
Harvey _______ Milk 2009
27%
Agathe ______ Cléry 2008
24%
François Vincent, _______, Paul et les autres 1974
24%
Matthieu L'évangile selon Saint ________ 1964
24%
Nelly _______ et Monsieur Arnaud 1995
23%
Cristina Vicky _______ Barcelona 2008
22%
Scott _______ Pilgrim 2010
22%
Henri Le mystère _______ Pick 2019
21%
Larry _______ Flint 1997
20%
Yvan Delphine 1 - ______ 0 1996
20%
Tom _______ à la ferme 2012
19%
Richard Le cas _______ Jewell 2020
18%
Alice _______ et le maire 2019
17%
Charlie Le monde de _______ 2013
17%
Daniel Moi, _______ Blake 2016
17%
Lola Cours, _______ , cours 1998
17%
Pauline _______ à la plage 1983
16%
Bachir Valse avec _______ 2008
14%
Fanny _______ et Alexandre 1982
14%
Joe My name is ______ 1998
13%
Maxime Matthias et ________ 2019
10%
Vincent ________ n'a pas d'écailles 2015
10%
Antonio Le bel _______ 1960
6%
Benny _______ 's video 1992
4%
Ruby Elle s'appelle _______ 2012
3%
Aucun quiz correspondant
Distribution des résultats
% des personnes avec chaque résultat
Percentile par nombre de réponses
Votre historique - résultats
Vous n’avez pas pris ce quiz